| 000 | 01019nam a22002537a 4500 | ||
|---|---|---|---|
| 005 | 2010082601131.0 | ||
| 010 | _aENG-101384 | ||
| 020 |
_a8184241097 _c3600.00 |
||
| 020 |
_a9798184241098 _c3600.00 |
||
| 035 | _aEN-84917 | ||
| 037 | _bDBAD/PUB | ||
| 082 | _a004.6 | ||
| 100 |
_aAdvanced Computing & Communications (13th: 2005: Coimbatore) _917149 |
||
| 245 |
_aADCOM-2005 of ACS 13th International conference on advanced computing & communication / _cedited by Bharat Jayaraman, P. Nagabhushan [and] Satya Sai Prakash K. |
||
| 260 |
_aNew Delhi _bAllied Publishers _c2006 |
||
| 270 |
_aA-104 Mayapuri, Phase II _bNew Delhi _e110064 |
||
| 300 |
_a442p. _c28cm (Hb) |
||
| 500 | _aIncludes index | ||
| 700 |
_aJayaraman, Bharat _917105 |
||
| 700 |
_aNagabhushan, P. _917106 |
||
| 700 |
_aPrakash K., Satya Sai _917107 |
||
| 942 |
_2ddc _cEN _h004.6 _mADC |
||
| 999 |
_c43094 _d43094 |
||